| 000 | 00410cam a2200157 a 4500 | ||
|---|---|---|---|
| 020 | _a0500810346 | ||
| 040 | _cDLC | ||
| 082 | 0 | 0 | _a704 THA 1990 A075 Or. |
| 100 | 1 | _aHuxley, Francis. | |
| 245 | 1 | 4 |
_aThe eye : _bthe seer and the seen / |
| 260 |
_aLondon : _bThames and Hudson, _cc1990. |
||
| 300 |
_a96 p. : _bill. (some col.) ; _c28 cm. |
||
| 650 | 0 | _aEye in art. | |
| 650 | 0 | _aSymbolism in art. | |
| 942 | _cEK | ||
| 999 |
_c12340 _d12340 |
||